[Event "Montreal Mercredi 01"]
[Site "Montreal"]
[Date "2019.01.18"]
[Round "4"]
[White "Beaulieu, Pierre"]
[Black "Gates, Claude Eric"]
[Result "1-0"]
[WhiteElo "1877"]
[BlackElo "1819"]
[PlyCount "63"]
[EventDate "2019.01.09"]
[EventType "swiss"]
[EventRounds "5"]
[EventCountry "CAN"]
[SourceTitle "EXT 2022"]
[Source "ChessBase"]
[SourceDate "2021.10.06"]
[SourceVersion "1"]
[SourceVersionDate "2021.10.06"]
[SourceQuality "1"]

1. b3 e5 2. Bb2 Nc6 3. e3 Nf6 4. Be2 d5 5. a3 Bd6 6. Nc3 0-0 7. g4 Be6 8. Nb5 d4 9. exd4 exd4 10. Nxd4 Bd5 11. Nxc6 Bxc6 12. Bf3 Nxg4 13. Bxc6 Nxf2 14. Kxf2 Qh4+ 15. Kf1 bxc6 16. Qf3 Rfe8 17. Nh3 Be5 18. Bxe5 Rxe5 19. Nf2 Rae8 20. h3 g6 21. Qxc6 R8e6 22. Qa8+ Kg7 23. Qxa7 Qf4 24. c3 Qxd2 25. Qd4 Qe2+ 26. Kg2 Rf6 27. Rhf1 h5 28. Rae1 Qf3+ 29. Kh2 Rg5 30. Ng4 Rxg4 31. Qxf6+ Qxf6 32. Rxf6 1-0

[Event "Montreal Mercredi 02"]
[Site "Montreal"]
[Date "2016.03.02"]
[Round "3"]
[White "Nunez, Omar"]
[Black "Beaulieu, Pierre"]
[Result "1-0"]
[WhiteElo "1945"]
[BlackElo "1816"]
[PlyCount "97"]
[EventDate "2016.02.17"]
[EventType "swiss"]
[EventRounds "5"]
[EventCountry "CAN"]
[SourceTitle "EXT 2022"]
[Source "ChessBase"]
[SourceDate "2021.10.06"]
[SourceVersion "1"]
[SourceVersionDate "2021.10.06"]
[SourceQuality "1"]

1. Nf3 b6 2. d4 Bb7 3. Bf4 Nf6 4. e3 e6 5. h3 Be7 6. Nbd2 d6 7. Bd3 Na6 8. c3 h6 9. Bxa6 Bxa6 10. Qa4+ Qd7 11. Qxa6 Nd5 12. Qe2 Qa4 13. Bh2 0-0 14. e4 Nf6 15. 0-0 Qc2 16. Rab1 c5 17. Rfe1 Qa4 18. e5 dxe5 19. dxc5 Qxa2 20. Bxe5 bxc5 21. Bxf6 Bxf6 22. Qc4 Qa5 23. Ne4 Be7 24. Ne5 Qc7 25. Ng3 Bd6 26. f4 Rfe8 27. Ne4 Bf8 28. Qf1 a5 29. Nc4 f5 30. Ned2 Rad8 31. Rbd1 Qb8 32. Re5 Rd5 33. Rde1 Red8 34. Qf2 Rxe5 35. Rxe5 Kf7 36. Qe2 Qc8 37. Qf3 g6 38. Re2 Bg7 39. Qf2 a4 40. Ne5+ Bxe5 41. Rxe5 Qd7 42. Nc4 Qd3 43. Rxc5 Qb1+ 44. Kh2 Rd1 45. Rc7+ Kf8 46. Qc5+ Kg8 47. Rc8+ Kf7 48. Ne5+ Kf6 49. Qf8# 1-0

[Event "Montreal Mercredi 01"]
[Site "Montreal"]
[Date "2016.01.20"]
[Round "3"]
[White "Beaulieu, Pierre"]
[Black "Langlois Remillard, Alexis"]
[Result "0-1"]
[WhiteElo "1872"]
[BlackElo "1800"]
[PlyCount "72"]
[EventDate "2016.01.06"]
[EventType "swiss"]
[EventRounds "5"]
[EventCountry "CAN"]
[SourceTitle "EXT 2022"]
[Source "ChessBase"]
[SourceDate "2021.10.06"]
[SourceVersion "1"]
[SourceVersionDate "2021.10.06"]
[SourceQuality "1"]

1. b3 e5 2. Bb2 Nc6 3. e3 Nf6 4. Bb5 Bd6 5. Na3 a6 6. Bxc6 dxc6 7. Nc4 Qe7 8. Ne2 0-0 9. Ng3 b5 10. Nxd6 cxd6 11. 0-0 Nd5 12. c4 bxc4 13. bxc4 Nb4 14. d3 Rb8 15. Bc3 c5 16. Qd2 Be6 17. f4 f6 18. Rac1 exf4 19. Rxf4 d5 20. a3 Nc6 21. cxd5 Bxd5 22. Nf5 Qd7 23. Rcf1 Ne5 24. d4 Ng6 25. Rg4 Bc4 26. dxc5 Qxd2 27. Bxd2 Bxf1 28. Kxf1 Rb2 29. a4 Rxd2 30. Rc4 Rb8 31. Rc1 Ne5 32. Nd4 Rbb2 33. c6 Rxg2 34. c7 Rbf2+ 35. Ke1 Nd3+ 36. Kd1 Rf1# 0-1

[Event "Montreal Mercredi 01"]
[Site "Montreal"]
[Date "2016.01.06"]
[Round "1"]
[White "Beaulieu, Pierre"]
[Black "Nardone, Raul"]
[Result "1-0"]
[WhiteElo "1872"]
[BlackElo "1806"]
[PlyCount "93"]
[EventDate "2016.01.06"]
[EventType "swiss"]
[EventRounds "5"]
[EventCountry "CAN"]
[SourceTitle "EXT 2022"]
[Source "ChessBase"]
[SourceDate "2021.10.06"]
[SourceVersion "1"]
[SourceVersionDate "2021.10.06"]
[SourceQuality "1"]

1. b3 Nf6 2. Bb2 g6 3. Bxf6 exf6 4. c4 Bg7 5. Nc3 f5 6. Rc1 0-0 7. g3 Nc6 8. f4 Nd4 9. e3 Re8 10. Nge2 Nc6 11. Bg2 a5 12. 0-0 Nb4 13. Rb1 Rb8 14. a3 Na6 15. Qc2 b6 16. Nb5 Bb7 17. Bxb7 Rxb7 18. Nec3 Rb8 19. Rfe1 Nc5 20. d4 Ne4 21. Nxe4 Rxe4 22. Rbd1 Rc8 23. Nc3 Re7 24. Kf2 Re8 25. Re2 Qe7 26. a4 Qf6 27. Nd5 Qe6 28. Qd3 Qe4 29. Rc2 Qe6 30. Re1 Qe4 31. Qxe4 fxe4 32. c5 bxc5 33. Rxc5 c6 34. Nb6 Rb8 35. Nxd7 Rxb3 36. Rxa5 Rb2+ 37. Re2 Rb1 38. Ra6 Ra1 39. Rb2 Rh1 40. Kg2 Re1 41. Rb3 Re2+ 42. Kh3 Ra2 43. a5 h5 44. Ra7 Rc8 45. a6 Re2 46. Rab7 Ra2 47. a7 1-0

[Event "Montreal Mercredi 10"]
[Site "Montreal"]
[Date "2015.11.04"]
[Round "4"]
[White "Gauthier, Denis"]
[Black "Beaulieu, Pierre"]
[Result "1-0"]
[WhiteElo "1908"]
[BlackElo "1885"]
[PlyCount "151"]
[EventDate "2015.10.14"]
[EventType "swiss"]
[EventRounds "5"]
[EventCountry "CAN"]
[SourceTitle "EXT 2022"]
[Source "ChessBase"]
[SourceDate "2021.10.06"]
[SourceVersion "1"]
[SourceVersionDate "2021.10.06"]
[SourceQuality "1"]

1. d4 b6 2. e4 Bb7 3. Bd3 e6 4. Nf3 Nf6 5. Nbd2 d5 6. e5 Nfd7 7. 0-0 c5 8. c3 Nc6 9. Re1 cxd4 10. cxd4 g5 11. Nb3 Be7 12. Be3 h5 13. Rc1 Rc8 14. Qe2 g4 15. Nfd2 Nb4 16. a3 Nxd3 17. Qxd3 Nb8 18. f4 Ba6 19. Qb1 Qd7 20. Rxc8+ Qxc8 21. Rc1 Qd7 22. Rc3 Kf8 23. Qc1 Bd8 24. Qe1 Nc6 25. Qf2 Ne7 26. Nf1 Nf5 27. Ng3 Bh4 28. Qc2 Bxg3 29. hxg3 Qb5 30. Qf2 Kg7 31. Nc1 Rc8 32. Rxc8 Bxc8 33. Kh2 Ba6 34. Qd2 Qf1 35. Qf2 Qd1 36. Qg1 Qc2 37. Qf2 Qd1 38. Qg1 Qxg1+ 39. Bxg1 Kf8 40. Bf2 Ke7 41. Na2 Kd7 42. Nc3 Bc4 43. Nd1 Bd3 44. Nc3 Kc6 45. Kg1 b5 46. b4 Kb6 47. Nd1 Kc6 48. Nc3 a6 49. Nd1 Bc2 50. Nc3 Bd3 51. Nd1 Be2 52. Nc3 Bc4 53. Nd1 Bd3 54. Nc3 h4 55. gxh4 g3 56. Be1 Nxd4 57. Bxg3 Nc2 58. Kf2 Nxa3 59. Ke3 Bg6 60. Na2 Nc2+ 61. Kd2 d4 62. Bf2 Kd5 63. g4 Na3 64. h5 Bh7 65. Nc1 Nc4+ 66. Ke2 Ke4 67. Nd3 Nb6 68. Bg3 Na4 69. Kd2 Kf3 70. Be1 Kxg4 71. Nc5 Nb6 72. Nxa6 Kxh5 73. Nc7 Kg4 74. Nxb5 Nc4+ 75. Kd1 Kxf4 76. Nd6 1-0